Artists Beginning With J - Statistics

General Stats
  • This quiz has been taken 306 times
  • The average score is 11 of 20
Answer Stats
Hint Answer % Correct
Imagine John Lennon
89%
Don't Stop Believin' Journey
85%
Empire State Of Mind Jay-Z
80%
Baby Justin Bieber
74%
Ring of Fire Johnny Cash
73%
Town Called Malice The Jam
69%
Purple Haze Jimi Hendrix
65%
Take Me Home, Country Roads John Denver
61%
Together Again Janet Jackson
56%
You're Beautiful James Blunt
54%
I Got You (I Feel Good) James Brown
50%
Mirrors Justin Timberlake
50%
I Want You Back The Jackson 5
50%
On The Floor Jennifer Lopez
44%
Love Will Tear Us Apart Joy Division
42%
Breaking the Law Judas Priest
36%
Virtual Insanity Jamiroquai
33%
Hallelujah Jeff Buckley
32%
Sucker Jonas Brothers
31%
Centerfold J. Geils Band
25%
No matching quizzes found
Score Distribution
Percent of People with Each Score
Percentile by Number Answered
Your Score History
You have not taken this quiz